League of Legends Champion Grab Bag Quiz Stats

 Plays Quiz not verified by Sporcle

Score 0/27 Timer 10:00
0 Plays Today
Category Champion % Correct
Champions with some form of stealth or invisibilityTeemo
94.7%
YordlesTeemo
94.7%
Female champions starting with 'A'Annie
92.7%
Bonus: Little people who aren't yordlesAnnie
92.7%
Female champions starting with 'A'Akali
91.4%
Champions with some form of stealth or invisibilityAkali
91.4%
Female champions starting with 'A'Ahri
90%
Female champions starting with 'A'Anivia
88%
YordlesTristana
87.6%
Champions with some form of stealth or invisibilityEvelynn
85.4%
Female champions starting with 'A'Ashe
83.7%
Champions with some form of stealth or invisibilityTwitch
82.4%
YordlesRumble
78.6%
Champions with some form of stealth or invisibilityShaco
74%
Category Champion % Correct
YordlesPoppy
73.2%
YordlesAmumu
72.9%
YordlesVeigar
71.4%
YordlesHeimerdinger
70.5%
YordlesCorki
64.9%
YordlesZiggs
64.4%
YordlesKennen
61.8%
Champions with some form of stealth or invisibilityVayne
58.4%
Bonus: Little people who aren't yordlesFizz
58%
Champions with some form of stealth or invisibilityTalon
54.4%
Bonus: Little people who aren't yordlesNunu
51.9%
Champions with some form of stealth or invisibilityWukong
51.1%
Champions with some form of stealth or invisibilityLeBlanc
49.9%

You're not logged in!

Compare scores with friends on all Sporcle quizzes.
OR
Log In

Show Comments

Extras

Created Feb 17, 2012ReportNominate
Tags:League of Legends Quiz

Top Quizzes Today


Score Distribution

Your Account Isn't Verified!

In order to create a playlist on Sporcle, you need to verify the email address you used during registration. Go to your Sporcle Settings to finish the process.

Report this User

Report this user for behavior that violates our Community Guidelines.

Details: